[Event "Belinha"]
[Site "http://www.queenalice.com/game.php?id=1609557"]
[Date "2020.4.26"]
[Round "-"]
[White "chessplayer123"]
[Black "Bigchess"]
[Result "1/2-1/2"]
[WhiteElo "1811"]
[BlackElo "1780"]

1. d4 d5 2. g3 Nf6 3. Bg2 e6 4. Nf3 Be7 5. O-O Bd7 6. c3 Nc6 7. Na3 a6 8. Nc2
O-O 9. Nd2 Bd6 10. e4 dxe4 11. Nxe4 Nxe4 12. Bxe4 f5 13. Bg2 Rb8 14. Ne3 Be8 15.
d5 exd5 16. Bxd5+ Kh8 17. b3 Ne5 18. f4 Ng6 19. Nc4 Bc5+ 20. Kg2 b5 21. Na5 Bb6
22. b4 Bf7 23. Bxf7 Qxd1 24. Rxd1 Rxf7 25. Nc6 Re8 26. a4 bxa4 27. c4 Rf6 28.
Rd8 Rxd8 29. Nxd8 Bd4 30. Rxa4 h6 31. b5 axb5 32. cxb5 Bb6 33. Bb2 Rf8 34. Nc6
Rf7 35. Ra8+ Rf8 36. Ra3 Re8 37. Kf3 Ne7 38. Bd4 Bxd4 39. Nxd4 Nd5 40. Nxf5 Re1
41. Ne3 1/2-1/2

[Event "Quarentena 2"]
[Site "http://www.queenalice.com/game.php?id=1613570"]
[Date "2020.5.24"]
[Round "-"]
[White "chessplayer123"]
[Black "Bigchess"]
[Result "0-1"]
[WhiteElo "1794"]
[BlackElo "1826"]

1. e4 d5 2. exd5 Qxd5 3. Nc3 Qd8 4. Bc4 e6 5. d4 Nf6 6. d5 exd5 7. Qe2+ Be7 8.
Bd3 O-O 9. Bf4 Bb4 10. a3 Re8 0-1

[Event "Challenge"]
[Site "http://www.queenalice.com/game.php?id=1617273"]
[Date "2020.6.19"]
[Round "-"]
[White "chessplayer123"]
[Black "Bigchess"]
[Result "1-0"]
[WhiteElo "1749"]
[BlackElo "1854"]

1. d4 d5 2. c4 dxc4 3. Nf3 e6 4. e3 Nf6 5. Bxc4 Be7 6. O-O c6 7. a4 Nbd7 8. Nc3
Nb6 9. Bd3 Nbd5 10. e4 Nxc3 11. bxc3 O-O 12. e5 Nd5 13. Bb2 f5 14. exf6 Nxf6 15.
Bc4 Kh8 16. Ng5 Nd5 17. Nf3 Bd7 18. Ne5 Bf6 19. Nxd7 Qxd7 20. Qg4 Qf7 21. Rae1
Rae8 22. Bd3 Ne7 23. Rxe6 Ng6 24. Bc4 Qc7 25. Rfe1 Rxe6 26. Qxe6 Nf4 27. Qe8 Qd8
28. Qxd8 Rxd8 29. g3 Ng6 30. Bf7 a6 31. Re8+ Rxe8 32. Bxe8 Kg8 33. Bxg6 hxg6 34.
Kf1 1-0

[Event "Challenge"]
[Site "http://www.queenalice.com/game.php?id=1617274"]
[Date "2020.6.19"]
[Round "-"]
[White "Bigchess"]
[Black "chessplayer123"]
[Result "0-1"]
[WhiteElo "1811"]
[BlackElo "1727"]

1. d4 d5 2. Nf3 Bf5 3. e3 a6 4. Bd3 Bg6 5. Bxg6 hxg6 6. Nc3 e6 7. Qe2 c5 8. dxc5
Bxc5 9. Bd2 Nc6 10. a3 Nge7 11. Rb1 d4 12. exd4 Nxd4 13. Nxd4 Qxd4 14. Be3 Qe5
15. Bxc5 Qxc5 16. Ne4 Qe5 17. O-O Qxh2# 0-1

[Event "Manos Velhus I"]
[Site "http://www.queenalice.com/game.php?id=1625753"]
[Date "2020.9.2"]
[Round "-"]
[White "chessplayer123"]
[Black "Lintz"]
[Result "1-0"]
[WhiteElo "1769"]
[BlackElo "1909"]

1. d4 e6 2. e4 d5 3. e5 c5 4. c3 Qb6 5. g3 Nc6 6. Nf3 h6 7. Bg2 a5 8. O-O Nge7
9. b3 cxd4 10. cxd4 Nf5 11. Bb2 Be7 12. g4 Nfxd4 13. Bxd4 Nxd4 14. Qxd4 Qd8 15.
Nc3 Bd7 16. Na4 O-O 17. Nb6 Bb5 18. Nxa8 Bxf1 19. Bxf1 Qxa8 20. Rc1 Rc8 21.
Rxc8+ Qxc8 22. Qa4 b6 23. Nd4 Bc5 24. Qc6 Qd8 25. Nb5 Qh4 26. Qe8+ Kh7 27. Bd3+
g6 28. Qxf7+ Kh8 29. Qf6+ Qxf6 30. exf6 g5 31. Nc7 1-0

[Event "Manus Velhus II"]
[Site "http://www.queenalice.com/game.php?id=1625754"]
[Date "2020.9.2"]
[Round "-"]
[White "Lintz"]
[Black "chessplayer123"]
[Result "1/2-1/2"]
[WhiteElo "1856"]
[BlackElo "1791"]

1. c4 c5 2. Nc3 Nf6 3. e4 e5 4. Nf3 Nc6 5. d3 h6 6. h3 a6 7. a4 g5 8. Nh2 Bg7 9.
f3 d6 10. Be3 O-O 11. Be2 Be6 12. Nd5 Bxd5 13. exd5 Ne7 14. Qd2 a5 15. h4 Nh7
16. hxg5 Nf5 17. gxh6 Bxh6 18. Ng4 Bxe3 19. Nxe3 Nxe3 20. Qxe3 Qg5 21. Qxg5+
Nxg5 22. Kd2 Kg7 23. Rh5 Kg6 24. Rah1 f6 25. g3 Nf7 26. f4 Rh8 27. f5+ Kg7 28.
g4 Ng5 29. Ke3 b6 30. Kf2 e4 31. Rxh8 Rxh8 32. Rxh8 Kxh8 33. Kg3 exd3 34. Bxd3
Kg7 35. Kh4 1/2-1/2

[Event "Amigos Bigchess"]
[Site "http://www.queenalice.com/game.php?id=1631113"]
[Date "2020.10.27"]
[Round "1"]
[White "Nuzzera"]
[Black "chessplayer123"]
[Result "0-1"]
[WhiteElo "1484"]
[BlackElo "1837"]

1. e3 e5 2. Nc3 d5 3. Qh5 Nc6 4. Bb5 Qd6 5. d4 exd4 6. Nxd5 g6 7. Qf3 Bg7 8.
Qe4+ Be6 9. exd4 Qxd5 10. Bxc6+ bxc6 11. Qxd5 cxd5 12. c3 Nf6 13. Nf3 Ne4 14.
O-O c5 15. Rd1 cxd4 16. cxd4 O-O 17. Bf4 Bg4 18. Rd3 Bxf3 19. gxf3 Nf6 20. a4
Rac8 21. b4 Rc4 22. a5 Nh5 23. Bd6 Rfc8 24. Bc5 Nf4 25. Rd2 Bxd4 26. Bxd4 Rxd4
27. Rb2 Rdc4 28. h4 Nd3 29. Rd2 Rc3 30. b5 Rb8 31. Rb1 Rc1+ 32. Rxc1 Nxc1 33.
Rxd5 Ne2+ 34. Kh2 Nc3 35. Rg5 Rxb5 36. Rg3 Rxa5 37. f4 Ne2 38. Re3 Nxf4 39. Kg3
Rf5 40. Kg4 a5 0-1

[Event "Zero Berto I"]
[Site "http://www.queenalice.com/game.php?id=1641714"]
[Date "2021.1.27"]
[Round "-"]
[White "chessplayer123"]
[Black "Bigchess"]
[Result "1-0"]
[WhiteElo "1813"]
[BlackElo "1812"]

1. d4 c6 2. e3 d5 3. Bd3 Nf6 4. Nd2 Bg4 5. f3 Bh5 6. g4 Bg6 7. Nf1 e6 8. Ng3 Be7
9. c3 Nbd7 10. N1e2 Nb6 11. h4 Bxd3 12. Qxd3 Nc4 13. b3 Nd6 14. e4 dxe4 15. Nxe4
Nfxe4 16. fxe4 Bxh4+ 17. Kd1 Be7 18. Kc2 Qb6 19. Be3 Qb5 20. c4 Qa6 21. Nc3 b6
22. e5 Nb7 23. Rxh7 O-O-O 24. Rah1 Rxh7 25. Rxh7 Rg8 26. Qe4 Nd8 27. g5 Bb4 28.
a4 Qa5 29. Bd2 Qa6 30. g6 Qb7 31. Nb5 cxb5 32. Qxb7+ Nxb7 33. gxf7 Rf8 34. Rxg7
Bxd2 35. Kxd2 bxa4 36. Rg8 a3 37. Rxf8+ Kd7 38. Rd8+ Nxd8 39. f8=Q a2 40. Qf1
1-0

[Event "Zero Berto II"]
[Site "http://www.queenalice.com/game.php?id=1641715"]
[Date "2021.1.27"]
[Round "-"]
[White "Bigchess"]
[Black "chessplayer123"]
[Result "0-1"]
[WhiteElo "1863"]
[BlackElo "1794"]

1. d3 d5 2. f4 c5 3. Nf3 Nc6 4. e3 e5 5. Be2 Bd6 6. fxe5 Nxe5 7. O-O Ne7 8. Nc3
O-O 9. Bd2 a6 10. Kh1 Qc7 11. h3 b5 12. a3 f5 13. Qe1 Bd7 14. Nxe5 Bxe5 15. Qh4
Ng6 16. Qh5 Be8 17. Rxf5 Bc6 18. Rxf8+ Rxf8 19. Rf1 Rxf1+ 20. Bxf1 Qf7 21. Qf3
Qe6 22. b3 Bxc3 23. Bxc3 d4 24. Qg3 dxc3 25. a4 Qe5 26. Qf2 h5 27. e4 Qf4 28.
Qxc5 Qxf1+ 29. Kh2 Nf4 0-1

[Event "Stone wall "]
[Site "http://www.queenalice.com/game.php?id=1642515"]
[Date "2021.2.4"]
[Round "-"]
[White "chessplayer123"]
[Black "Bigchess"]
[Result "1/2-1/2"]
[WhiteElo "1842"]
[BlackElo "1729"]

1. d4 d5 2. e3 Nf6 3. Bd3 e6 4. Nd2 Be7 5. f4 Nc6 6. c3 b6 7. Ngf3 Bb7 8. O-O
Ng4 9. Qe2 h5 10. Ne5 Ncxe5 11. fxe5 Bg5 12. Nf3 Qe7 13. Bb5+ c6 14. Bd3 g6 15.
Nxg5 Qxg5 16. e4 Qh4 17. g3 Qe7 18. exd5 cxd5 19. Bb5+ Kd8 20. h4 Qc7 21. Bg5+
Kc8 22. Rf3 Rf8 23. Raf1 a6 24. Bd3 a5 25. Bxg6 Ba6 26. Bd3 Bxd3 27. Qxd3 a4 28.
Qh7 f5 29. Qxh5 1/2-1/2

[Event "Stone II"]
[Site "http://www.queenalice.com/game.php?id=1642519"]
[Date "2021.2.4"]
[Round "-"]
[White "chessplayer123"]
[Black "Bigchess"]
[Result "1-0"]
[WhiteElo "1829"]
[BlackElo "1742"]

1. d4 c6 2. e3 e5 3. dxe5 Qa5+ 4. Nc3 Qxe5 5. Qd4 Qxd4 6. exd4 Nf6 7. Bd2 d5 8.
O-O-O Be6 9. f3 Nbd7 10. Nge2 b5 11. Nf4 Bf5 12. Re1+ Be7 13. Nxb5 cxb5 14. Bb4
Rc8 15. Rxe7+ Kd8 16. c3 a5 17. Rxd7+ Nxd7 18. Bxa5+ Ke8 19. Bxb5 Ra8 20. Re1+
1-0

[Event "Amigos Bigchess"]
[Site "http://www.queenalice.com/game.php?id=1644883"]
[Date "2021.2.26"]
[Round "2"]
[White "mascarade"]
[Black "chessplayer123"]
[Result "0-1"]
[WhiteElo "2293"]
[BlackElo "1839"]

1. Nf3 Nf6 2. d4 d5 3. e3 Bf5 4. Bd3 Bxd3 5. Qxd3 e6 6. O-O Be7 7. b3 O-O 8.
Nbd2 Nbd7 9. Bb2 c5 10. dxc5 Nxc5 11. Qe2 a5 12. a4 Nfe4 13. Rad1 Bf6 14. Ba3
Nc3 0-1

[Event "Amigos Bigchess"]
[Site "http://www.queenalice.com/game.php?id=1649204"]
[Date "2021.4.9"]
[Round "3"]
[White "chessplayer123"]
[Black "Tonto"]
[Result "1-0"]
[WhiteElo "1885"]
[BlackElo "1943"]

1. d4 d5 2. e3 a6 3. c4 Nf6 4. Nf3 Bf5 5. cxd5 Nxd5 6. Nc3 Nf6 7. Bd3 Qd7 8. Ne5
Qd6 9. Bxf5 g6 10. Qb3 Nbd7 11. Bxd7+ Nxd7 12. Nxf7 Qb6 13. Qxb6 Nxb6 14. Nxh8
Bg7 15. b3 e5 16. Nxg6 hxg6 17. dxe5 Bxe5 18. Bb2 O-O-O 19. Rd1 Re8 20. Na4 Nxa4
21. Bxe5 Nc5 22. Bd4 Ne4 23. O-O c5 24. Bb2 b5 25. f3 Ng5 26. Rd5 Ne6 27. Rc1
Kc7 28. Rcd1 Kb6 29. a3 Nc7 30. Rd6+ Ka5 31. e4 b4 32. Rc1 bxa3 33. Rxc5+ Kb4
34. Bxa3+ Kxa3 35. Rxc7 a5 36. Ra6 Re5 37. Rca7 Kb4 38. Rxa5 Rxa5 39. Rxa5 Kxa5
40. e5 1-0

[Event "Challenge"]
[Site "http://www.queenalice.com/game.php?id=1649230"]
[Date "2021.4.10"]
[Round "-"]
[White "jorm"]
[Black "chessplayer123"]
[Result "0-1"]
[WhiteElo "1872"]
[BlackElo "1869"]

1. Nf3 Nf6 2. Nc3 Nc6 3. e4 e5 4. d4 exd4 5. Nxd4 d6 6. h3 Be7 7. a3 O-O 8. f4
Re8 9. Be3 Nxe4 10. Nxe4 Bh4+ 11. Bf2 Rxe4+ 12. Ne2 Nd4 13. g3 Nf3# 0-1

[Event "Jogo 01"]
[Site "http://www.queenalice.com/game.php?id=1759835"]
[Date "2021.5.18"]
[Round "-"]
[White "Lintz"]
[Black "chessplayer123"]
[Result "1/2-1/2"]
[WhiteElo "1889"]
[BlackElo "1931"]

1. e4 c6 2. d4 d5 3. exd5 cxd5 4. Nf3 a6 5. a4 Bf5 6. Nc3 e6 7. h3 h6 8. Bd3
Bxd3 9. Qxd3 Nf6 10. O-O Nc6 11. Na2 Bd6 12. c3 O-O 13. Bd2 e5 14. dxe5 Nxe5 15.
Nxe5 Bxe5 16. Be3 Qc7 17. f4 Bd6 18. b4 Rfe8 19. Rae1 Rad8 20. a5 Ne4 21. Bb6
Qc6 22. Bxd8 Rxd8 23. Re2 g5 24. Rd1 Bc7 25. Qf3 Rd6 26. h4 Rf6 27. f5 Bf4 28.
Qg4 Nxc3 29. Nxc3 Qxc3 30. hxg5 hxg5 31. Re8+ Kg7 32. Qh5 Be3+ 33. Kh1 Rh6 34.
Rg8+ Kxg8 35. Qxh6 f6 36. Qg6+ Kf8 37. Qh6+ Kg8 38. Qg6+ Kf8 1/2-1/2

[Event "Jogo 02"]
[Site "http://www.queenalice.com/game.php?id=1759836"]
[Date "2021.5.18"]
[Round "-"]
[White "chessplayer123"]
[Black "Lintz"]
[Result "1-0"]
[WhiteElo "1914"]
[BlackElo "1935"]

1. d4 e6 2. e3 d5 3. c4 b6 4. Nf3 Bb7 5. a3 a5 6. Nc3 c6 7. Bd3 Nf6 8. Ne5 Be7
9. f4 g6 10. O-O Nfd7 11. Qg4 Nf6 12. Qh3 Rg8 13. g4 Bf8 14. Bd2 Bg7 15. Be1
Nbd7 16. Bh4 Qe7 17. g5 Nh5 18. Be2 f6 19. Nxd7 Kxd7 20. cxd5 cxd5 21. Rac1 Bc6
22. Bb5 Rac8 23. Bxc6+ Rxc6 24. Nxd5 Qf7 25. Rxc6 Kxc6 26. Rc1+ Kxd5 27. Qf3+
Kd6 28. Qc6+ Ke7 29. Qb7+ Kf8 30. Rc8+ Qe8 31. Rxe8+ Kxe8 32. Qxb6 Kf7 33. Qc7+
Ke8 34. Qxa5 f5 35. Qb5+ Ke7 36. Qb7+ Kd6 37. Be1 1-0

[Event "Amigos Bigchess"]
[Site "http://www.queenalice.com/game.php?id=1760309"]
[Date "2021.5.23"]
[Round "4"]
[White "chessplayer123"]
[Black "ulisses34"]
[Result "1-0"]
[WhiteElo "1903"]
[BlackElo "1767"]

1. d4 d5 2. e3 e6 3. Bd3 Nc6 4. c3 Be7 5. Nd2 Nf6 6. f4 O-O 7. Ngf3 h6 8. Ne5
Nxe5 9. fxe5 Nd7 10. O-O f6 11. Qg4 f5 12. Qg6 Bg5 13. Nf3 Rf7 14. Nxg5 Nf8 15.
Qxf7+ Kh8 16. Nh3 Nh7 17. Nf4 Ng5 18. Qh5 Bd7 19. Qe2 Be8 20. Bd2 Bf7 21. h4 Ne4
22. Bxe4 dxe4 23. h5 Qd7 24. c4 Rd8 25. Bc3 b6 26. d5 Be8 27. Nxe6 Rc8 28. Rxf5
Bf7 29. Qg4 Bxe6 30. dxe6 Qe7 31. Rf7 Qg5 32. Qxg5 hxg5 33. e7 1-0

[Event "Challenge"]
[Site "http://www.queenalice.com/game.php?id=1762303"]
[Date "2021.6.16"]
[Round "-"]
[White "chessplayer123"]
[Black "jorm"]
[Result "1-0"]
[WhiteElo "1911"]
[BlackElo "1897"]

1. d4 d5 2. g3 e6 3. e3 Nf6 4. Bg2 a6 5. c4 Nc6 6. cxd5 exd5 7. Ne2 Bd6 8. Nbc3
Be6 9. Nf4 Bxf4 10. gxf4 Bf5 11. a3 Qd6 12. Qb3 b6 13. Nxd5 Nxd5 14. Bxd5 O-O
15. Bg2 Ra7 16. Bd2 Ne7 17. O-O-O a5 18. Bc3 c5 19. Rhg1 g6 20. d5 a4 21. Qa2 f6
22. h3 b5 23. e4 Bd7 24. e5 fxe5 25. fxe5 Qb6 26. d6+ c4 27. dxe7 Re8 28. Bd5+
Be6 29. Bd4 Qa6 30. Bxa7 Rxe7 31. Bc5 Re8 32. Bxe6+ Qxe6 33. Bd6 Qf5 34. Rg4
Qxf2 35. Rd2 Qf1+ 36. Rd1 Qxh3 37. Re4 Kg7 38. Qb1 c3 39. bxc3 Qxc3+ 40. Qc2 Qh3
41. Rd3 Qf5 42. Red4 Rc8 43. Rc3 Rxc3 44. Qxc3 1-0

[Event "Jogo 03"]
[Site "http://www.queenalice.com/game.php?id=1763015"]
[Date "2021.6.26"]
[Round "-"]
[White "Lintz"]
[Black "chessplayer123"]
[Result "1/2-1/2"]
[WhiteElo "1869"]
[BlackElo "1913"]

1. d4 d5 2. c4 e6 3. Nf3 Nf6 4. e3 Bb4+ 5. Bd2 Nc6 6. Be2 Bxd2+ 7. Nfxd2 O-O 8.
O-O e5 9. dxe5 Nxe5 10. Nc3 dxc4 11. Nxc4 Nxc4 12. Bxc4 c6 13. a4 Bf5 14. f3 Qb6
15. Qc1 Rfe8 16. Re1 Re7 17. Kh1 Rae8 18. e4 Qf2 19. Re2 Qd4 20. Bb3 Qb6 21. Bc2
Qb4 22. b3 Qxc3 23. Re3 Qc5 24. Qd2 Bg6 25. Rae1 Nd5 26. R3e2 Nc3 27. Re3 Nd5
28. R3e2 Nc3 29. Re3 Nd5 30. R3e2 1/2-1/2

[Event "Jogo 04"]
[Site "http://www.queenalice.com/game.php?id=1763016"]
[Date "2021.6.26"]
[Round "-"]
[White "chessplayer123"]
[Black "Lintz"]
[Result "0-1"]
[WhiteElo "1929"]
[BlackElo "1933"]

1. d4 e6 2. e4 d5 3. Nd2 dxe4 4. Nxe4 Bd7 5. Nf3 Bc6 6. Bd3 h6 7. Ne5 Qxd4 8.
Qh5 Qb4+ 9. Bd2 Qe7 10. O-O-O Nf6 11. Nxc6 Nxc6 12. Qb5 O-O-O 13. Bc3 Nd5 14. a4
a6 15. Qb3 Nxc3 16. Nxc3 Rd4 17. Bxa6 Rxd1+ 18. Rxd1 bxa6 19. Qc4 Nb8 20. Na2
Qc5 21. Qh4 Qg5+ 0-1

[Event "Magnus Mestris I"]
[Site "http://www.queenalice.com/game.php?id=1766200"]
[Date "2021.8.5"]
[Round "-"]
[White "chessplayer123"]
[Black "Lintz"]
[Result "1-0"]
[WhiteElo "1910"]
[BlackElo "1944"]

1. d4 e6 2. e3 d5 3. Bd3 Nf6 4. Nd2 c5 5. c3 c4 6. Bc2 b5 7. f4 g6 8. Ngf3 Bg7
9. Ne5 Bb7 10. O-O Ne4 11. a4 a6 12. b3 f5 13. Nxe4 dxe4 14. bxc4 bxc4 15. Nxc4
O-O 16. Bb3 Bd5 17. Ne5 Bxb3 18. Qxb3 Qc8 19. Ba3 Re8 20. Rab1 a5 21. Qb7 Na6
22. Qf7+ Kh8 23. Rb7 Rg8 24. Qe7 h6 25. Qf7 Qe8 26. Nxg6+ Kh7 27. Qxe8 Rgxe8 28.
Ne5 Kg8 29. h3 Bxe5 30. fxe5 Nb8 31. g4 Kh8 32. gxf5 exf5 33. Rxf5 1-0

[Event "Magnus Mestris II"]
[Site "http://www.queenalice.com/game.php?id=1766201"]
[Date "2021.8.5"]
[Round "-"]
[White "Lintz"]
[Black "chessplayer123"]
[Result "1-0"]
[WhiteElo "1927"]
[BlackElo "1926"]

1. e4 c6 2. Nc3 d5 3. Nf3 dxe4 4. Nxe4 Nf6 5. Nxf6+ exf6 6. Be2 Bd6 7. d4 O-O 8.
O-O g5 9. Ne1 Qc7 10. h3 Bf5 11. Bg4 Bg6 12. b3 Nd7 13. Bb2 f5 14. Bh5 f6 15.
Bxg6 hxg6 16. c4 Kf7 17. Nd3 Rh8 18. Re1 g4 19. hxg4 Rh4 20. gxf5 Rah8 21. fxg6+
Kxg6 22. Kf1 Qa5 23. Qc2 Rh1+ 24. Ke2 Qh5+ 25. Kd2 Qg5+ 26. Kc3 Rxe1 27. Rxe1
Kf7 28. g3 Rh2 29. Bc1 Bxg3 30. Bxg5 1-0